Následky predstierania vyplatenia odmeny zamestnancovi

Tisíce zamestnancov, ktorí pracujú z titulu svojho služobného pomeru v štátnej službe, alebo z titulu svojho vzťahu spadajúceho pod právny režim prác vo verejnom záujme, sa dostávajú aj pod režim vyplácania odmien.

Salvato in:
Dettagli Bibliografici
Autore principale: Beracka, Ondrej
Natura: Capitolo di libro
Lingua:slovacco
Soggetti:
Tags: Aggiungi Tag
Nessun Tag, puoi essere il primo ad aggiungerne!!

MARC

LEADER 00000naa a2200000 4500
001 0288570
005 20240417075218.8
041 0 |a slo 
044 |a SK 
245 1 0 |a Následky predstierania vyplatenia odmeny zamestnancovi  |c Ondrej Beracka 
520 |a Tisíce zamestnancov, ktorí pracujú z titulu svojho služobného pomeru v štátnej službe, alebo z titulu svojho vzťahu spadajúceho pod právny režim prác vo verejnom záujme, sa dostávajú aj pod režim vyplácania odmien. 
610 2 0 |a mzdy 
610 2 0 |a odmeny 
610 2 0 |a zamestnávatelia 
610 2 0 |a zamestnanci 
100 1 |a Beracka, Ondrej